|
|
|
|
| LEADER |
00000nam a2200000 a 4500 |
| 001 |
vtls009180583 |
| 003 |
SK-MaSNL |
| 005 |
20260301125258.0 |
| 008 |
240322s2007 xo o g 001 0 slo |
| 015 |
|
|
|a SNBA2008/03-01018
|
| 020 |
|
|
|a 9788088852506 (viaz.)
|
| 035 |
|
|
|a C30FAF66-AC3D-4212-B64B-01C4C1EE53F3
|
| 035 |
|
|
|a urn:nbn:sk:snk-amlcml
|
| 035 |
|
|
|a urn:nbn:sk:snk-am0091g1
|
| 040 |
|
|
|a SNK
|b slo
|c SNK
|e AACR2
|
| 041 |
0 |
|
|a slo
|
| 044 |
|
|
|a xo
|c SK
|
| 072 |
|
7 |
|a 74
|x Kresba. Umelecké remeslá
|2 konspekt
|
| 080 |
|
|
|a 746.7(091)
|2 2001
|
| 080 |
|
|
|a 688.78/.79
|2 2001
|
| 080 |
|
|
|a (035)
|2 2001
|
| 080 |
|
|
|a (084.11)
|2 2001
|
| 245 |
0 |
0 |
|a Košikárstvo
|b premeny vŕbového prútia
|c Peter Juriga ... [et al.]
|
| 250 |
|
|
|a [1. vyd.]
|
| 260 |
|
|
|a Bratislava
|b Ústredie ľudovej umeleckej výroby
|c 2007
|
| 300 |
|
|
|a 255 s.
|b fotogr. (prevažne fareb.)
|c 23x29 cm
|
| 504 |
|
|
|a Bibliogr. s. 247. Reg. Pramene a aut. vyobrazení
|
| 650 |
0 |
7 |
|a košikárstvo
|x dejiny
|2 SNKPH
|9 432287
|
| 650 |
0 |
7 |
|a prútené výrobky
|2 SNKPH
|9 3105
|
| 650 |
0 |
7 |
|a Basket making
|x history
|2 SNKPHeng
|9 432288
|
| 650 |
0 |
7 |
|a dekoračné predmety
|2 SNKPH
|9 66825
|
| 650 |
0 |
7 |
|a Basket-work
|2 SNKPHeng
|9 474993
|
| 650 |
0 |
7 |
|a Decorative articles
|2 SNKPHeng
|9 275917
|
| 655 |
|
7 |
|a príručky
|2 SNKPH
|9 74364
|
| 655 |
|
7 |
|a obrazové publikácie
|2 SNKPH
|9 70343
|
| 655 |
|
7 |
|a Handbooks, manuals, etc.
|2 SNKPHeng
|9 90964
|
| 655 |
|
7 |
|a Pictorial works
|2 SNKPHeng
|9 284468
|
| 700 |
1 |
|
|a Juriga, Peter
|4 070
|9 44660
|
| 700 |
1 |
|
|a Zajonc, Juraj,
|d 1964-
|4 aut
|9 101529
|
| 700 |
1 |
|
|a Menkynová, Janka,
|d 1946-
|4 aut
|9 432290
|
| 700 |
1 |
|
|a Huba, Marián,
|d 1949-
|4 aut
|9 37001
|
| 700 |
1 |
|
|a Rúfus, Milan,
|d 1928-2009
|4 aut
|9 108568
|
| 700 |
1 |
|
|a Vylíčilová, Marie
|4 aut
|9 432291
|
| 919 |
|
|
|a 978-80-88852-50-6
|
| 958 |
|
|
|a NB
|
| 968 |
|
|
|d 73/77
|
| 999 |
|
|
|c 742004
|d 743934
|
| 952 |
|
|
|a SNK
|b SNK
|y PREZ
|7 0
|p 17A0576676
|o snkSC 130722
|i snk2008/2811
|8 0
|0 0
|1 0
|4 0
|d 2008-02-04
|f 1
|l 0
|r 2025-06-19 00:00:00
|w 2026-02-23
|
| 952 |
|
|
|a SNK
|b SNK
|y VYP
|7 0
|p 17A0580545
|o snkSC 130722 D1
|i snk2008/4771
|8 0
|0 0
|1 0
|4 0
|d 2008-02-26
|l 0
|r 2026-02-23 23:03:38
|w 2026-02-23
|
| 952 |
|
|
|t snkJUR 746.7
|a SNKUST
|b SNKUST
|y PREZ
|7 0
|p 17A0570223
|o snkSC 130722 D2
|i snk2008/3025
|8 3
|g 39.80
|0 0
|1 0
|4 0
|d 2008-02-06
|l 0
|r 2025-04-29 00:00:00
|w 2026-02-23
|